| 000 | 00322nam a22001217a 4500 | ||
|---|---|---|---|
| 020 | _a9789380578996 | ||
| 082 |
_a658 _bPAL/BU |
||
| 100 | _aPal, Karam | ||
| 245 | _aBusiness management and organizational behaviour | ||
| 260 |
_aNew Delhi _bI.K International Publishing House Pvt. Ltd. _c2011 |
||
| 300 | _a508 | ||
| 942 | _cBK | ||
| 999 |
_c13663 _d13663 |
||